| 000 | 00411nam a22001457a 4500 | ||
|---|---|---|---|
| 008 | 230124b |||||||| |||| 00| 0 eng d | ||
| 020 | _a978-93-5260-260-5 | ||
| 082 | _a332.6 PRI | ||
| 100 | _aMartin J. Pring | ||
| 245 |
_aMartin Pring's introduction to technical analysis _cMartin J. Pring |
||
| 250 | _a2nd Edition | ||
| 260 |
_aChennai: _bMcGraw Hill India _c2022 |
||
| 300 |
_a309 p. _c24.3 cm |
||
| 942 | _2ddc | ||
| 999 |
_c9241 _d9242 |
||